KOHA-Header-6

Supply Chain Management (Record no. 1710)

000 -LEADER
fixed length control field 00322nam a2200133Ia 4500
008 - FIXED-LENGTH DATA ELEMENTS--GENERAL INFORMATION
fixed length control field 190723s9999 xx 000 0 und d
020 ## - INTERNATIONAL STANDARD BOOK NUMBER
International Standard Book Number 978-81-315-2556-2
100 ## - MAIN ENTRY--PERSONAL NAME
Personal name Joel D. Wisner
245 #0 - TITLE STATEMENT
Title Supply Chain Management
250 ## - EDITION STATEMENT
Edition statement 3rd
260 ## - PUBLICATION, DISTRIBUTION, ETC. (IMPRINT)
Place of publication, distribution, etc Andover
Name of publisher, distributor, etc Cengage Learning
Date of publication, distribution, etc 2012
300 ## - PHYSICAL DESCRIPTION
Extent 574.:p
942 ## - ADDED ENTRY ELEMENTS (KOHA)
Koha item type Books
Holdings
Withdrawn status Lost status Damaged status Not for loan Collection code Permanent Location Current Location Shelving location Date acquired Total Checkouts Full call number Barcode Checked out Date last seen Date checked out Price effective from Koha item type
        Management MAJU MAJU   2019-07-23 3 658.7 8333 2022-02-19 2021-08-23 2021-08-23 2019-07-23 Management

Powered by Koha